Normal view MARC view

Entry Personal Name

Number of records used in: 1

001 - CONTROL NUMBER

  • control field: 1035

003 - CONTROL NUMBER IDENTIFIER

  • control field: PK-NaQUE

005 - DATE AND TIME OF LATEST TRANSACTION

  • control field: 20260629132931.0

008 - FIXED-LENGTH DATA ELEMENTS

  • fixed length control field: 260629|| aca||aabn | a|a d

040 ## - CATALOGING SOURCE

  • Original cataloging agency: PK-NaQUE
  • Transcribing agency: PK-NaQUE

100 ## - HEADING--PERSONAL NAME

  • Personal name: Engr. Sughand Memon
  • Personal name: 21-MCCN-05
  • Personal name: Supervisor - P{rof. Dr Fareed Ahmed Jokhio

670 ## - SOURCE DATA FOUND

  • Source citation: Work cat.: (PK-NaQUE)69092: Engr. Sughand Memon 21-MCCN-05 Supervisor - P{rof. Dr Fareed Ahmed Jokhio , onion Crop Growth and Health Monitoring Using HAV Enabled Multispectral Imagery and Machine Learning Techniques (Thesis MS), 2025